000 01173nam0a22003011 4500
001 v19\rc\1944504
005 20260406144143.0
035 _a(NLR Aleph) 005053505
090 _a6919788
_c6919788
100 _a20080428d1913 u y0rusy50 ca
101 0 _arus
102 _aRU
105 _aa z |||||
200 1 _aСвятой Серафим
_f[Обл. работы М.В. Сабашниковой]
210 _aМосква
_cДухов. знание
_d1913
215 _a[4], 94 с., 1 л. ил.
_d16
300 _aПеред загл. авт.: М.В. Сабашникова
700 1 _6z01790
_aВолошина
_bМ.В.
_f1882-1973
_gМаргарита Васильевна
702 0 _4570
_7ca
_8rus
_aСерафим Саровский
_cМошнин, Прохор Сидорович
_cиеромонах
_f1759-1833
_9114058
_3RU\NLR\AUTH\774071
790 1 _6z01700
_aСабашникова
_bМ.В.
_f1882-1973
_gМаргарита Васильевна
801 0 _aRU
_bNLR
_gpsbo
801 0 _aRU
_bRuMoRGB
_2psbo
801 1 _aRU
_bProSoft-M
_2rusmarc
852 _aNLR
_j43.19.9.155
899 _aRuMoRGB
_jT 77/219
899 _aГПИБ
942 _cBOOK
980 _aNB